1010 1387 1130 1208 1432 1219 1512 1845 1047 1674 1800 1309 1751 1876 1513 1595 1826 1037 1072 1513 1870 1793 1532 1036 1771 1683 1999 1889 1731 1492 1774 1767 1070 1555 1050 1646 1800 1302 1075 1911 1049 1416 1585 1797 1068 1559 1376 1441 1130 1589 1062 1101 1674 1193 1742 1596 1697 1838 1316 1597 1923 1227 1482 1746 1664 1794 1570 1590 1298 1994 1888 1830 1601 1867 1301 1302 1620 1523 1198 1716 1603 1589 1404 1416 1962 1742 1999 1433 1238 1517 1763 1764 1349 1486 1555 1408 1711 1330 1176 BCNSPRNW ULIB Ver.6.0+V

เปลี่ยนเป็นภาษาไทย

Change to English
 แสดงรายละเอียดบรรณานุกรม
  กลับหน้าหลัก

Brief Record : Get Marc (ISO 2709) : E-mail record : QR code < ปิดหน้าต่าง
LEADER : 00000nam 2200000uu 4500
001    13399111053
003     ULIB
008    110615s||||||||th 000 0 tha d
020    9786167042008
050 04 BF412^bน136ค 2552
100 0  นงนภัส คู่วรัญญู เที่ยงกมล
245 10 ความสุขและอัจฉริยะสร้างได้ก่อนเกิด /^cนงนภัส คู่วรัญญู เที่ยงกมล
260    กรุงเทพฯ :^bปราชญ์,^c2552
300    223 หน้า :^bภาพประกอบ
504    บรรณานุกรม: หน้า 223-[224]
650  7 เด็ก^xการดูแล
650  7 เด็กพิเศษ
650  7 อัจฉริยภาพ
945    ^p165^l0^i027634
995    ทศพร
999 ^a ใช้งานได้ทุกระบบ
รายการนี้ยังไม่มีแท็ก
คุณยังไม่ได้ล็อกอิน คุณสามารถมีกิจกรรมร่วมกับเว็บไซต์ได้ แต่ต้องล็อกอินก่อน ::
  ล็อกอิน

รายการสื่อสารสนเทศ

ลำดับที่ ประเภท เลขเรียก/บาร์โค้ด สถานที่ สถานะ
- ไม่พบข้อมูล -

รายการใกล้เคียง
    ผู้แต่ง [นงนภัส คู่วรัญญู เที่ยงกมล]

    หัวเรื่อง [เด็ก การดูแล]
    หัวเรื่อง [เด็กพิเศษ]
    หัวเรื่อง [อัจฉริยภาพ]

BibComment


ยังไม่เคยถูกคอมเมนท์

คอมเมนท์ทรัพยากรรายการนี้
  คอมเมนท์: ความสุขและอัจฉริย..


 Copyright 2026. Bcnsprnw @Library